000 00406 a2200157 4500
005 20250624064732.0
020 _a978-0-07-353064-2
082 _a332.6
100 _aHIRSCHEY,Mark
245 _aInvestments analysis and Behavior.
250 _a7th Ed.
260 _aBoston
_bMcGraw-Hill Irwin,
_c2008.
300 _axxv,645p,ill,Figure,Picture
_bIndex
_c28cm
700 _aJohn,Nofsinger
942 _2ddc
_cBKS
999 _c4726
_d4726